000 00656nam a22001937a 4500
999 _c165553
_d165553
005 20190621161028.0
010 _aUR-10231
020 _c200.00
_a9789388105682
035 _aU-8786
037 _bDBAD/PUB
082 _a841
100 _aا بر ا ر ا حمد خسر و
245 _aحد يث عشق
_cا بر ا ر ا حمد خسر و
246 _bHadees-e-Ishq(Urdu)
_aby Abrar Ahmed Khusro
260 _a Delhi
_bEducational Publishing House
_c2018 ء
270 _a3191،Vakil Street,Kucha Pandit,Lal Kuan,
_bDelhi
_e110006
_k23216162
_l00911123211540
300 _a160ص
_c22 Cm(Hb)
942 _2ddc
_cUR
_h841
_mخ س ر